| 000 | 01267nam a2200301 i 4500 | ||
|---|---|---|---|
| 001 | 42323 | ||
| 003 | ES-MaACL | ||
| 005 | 20250813063303.0 | ||
| 007 | t| | ||
| 008 | 151020s2012 sp ||||1| spa d | ||
| 020 | _a978-84-615-5680-9 | ||
| 080 | _a821.134.2-84(02)"15"(082.2) | ||
| 100 | 1 |
_aMal Lara, Juan de, _d1524-1571 _9159232 |
|
| 245 | 1 | 3 |
_aLa philosophia vvlgar : _bprimera parte qve contiene mil refranes glosados / _cde Ioan de Mal Lara ; edición facsímil de José J. Labrador Herraiz, Ralph A. DiFranco. |
| 260 |
_aMéxico : _bFrente de Afirmación Hispanista, _c2012. |
||
| 300 |
_a101, [60] p., 294 h. : _bil. ; _c31 cm. |
||
| 504 | _aBibliografía: p. 93-101. | ||
| 534 |
_pReproducción de la edición de: _c[Sevilla] : en casa de Hernando Diaz, 1568. |
||
| 650 | 4 |
_aRefranes y proverbios- _vObras anteriores a 1800. _916730 |
|
| 700 | 1 |
_aLabrador Herraiz, José J. _969288 |
|
| 700 | 0 |
_aDiFranco, Ralph A. _944793 |
|
| 710 | 2 |
_aFrente de Afirmación Hispanista, A.C. _9159234 |
|
| 852 |
_aES-MaACL _jA-13440 _943885 _bR.150835 _cDEPO1 _dOlim: N-6440 _hDonacion: Real Academia Española |
||
| 914 |
_96336 _aReal Academia Española _ednr |
||
| 942 |
_2udc _cMONOGRAFIA |
||
| 999 |
_c42323 _d42323 |
||